| 000 | 00341nam a2200121Ia 4500 | ||
|---|---|---|---|
| 008 | 221007s9999 xx 000 0 und d | ||
| 041 | _aeng | ||
| 082 |
_a158.1 _bSWA |
||
| 100 |
_aSwami Bodhamayananda _996862 |
||
| 245 | _aOvercoming Frustration & Building Confidence (Disc 1) | ||
| 260 |
_c2010 _bRamakrishna Math _aPune |
||
| 906 |
_a2 _bGeneral |
||
| 999 |
_c61309 _d61309 |
||